Harry Potter (Record no. 53231)
[ view plain ]
| 000 -LEADER | |
|---|---|
| fixed length control field | 00372nam a2200145Ia 4500 |
| 008 - FIXED-LENGTH DATA ELEMENTS--GENERAL INFORMATION | |
| fixed length control field | 220610s9999 xx 000 0 und d |
| 020 ## - INTERNATIONAL STANDARD BOOK NUMBER | |
| International Standard Book Number | 747532745 |
| 082 ## - DEWEY DECIMAL CLASSIFICATION NUMBER | |
| Classification number | 891.46 |
| Item number | ROW |
| 100 ## - MAIN ENTRY--PERSONAL NAME | |
| Personal name | Rowling J K |
| 9 (RLIN) | 129074 |
| 245 ## - TITLE STATEMENT | |
| Title | Harry Potter |
| 245 #8 - TITLE STATEMENT | |
| Remainder of title | and the Philosopher's stone |
| 260 ## - PUBLICATION, DISTRIBUTION, ETC. (IMPRINT) | |
| Place of publication, distribution, etc. | London` |
| Name of publisher, distributor, etc. | Bloomsbury Publishers |
| Date of publication, distribution, etc. | 1997 |
| 300 ## - PHYSICAL DESCRIPTION | |
| Extent | 223 P |
| Other physical details | PB |
| 906 ## - LOCAL DATA ELEMENT F, LDF (RLIN) | |
| a | 0 |
| b | GB |
| Withdrawn status | Lost status | Damaged status | Not for loan | Home library | Current library | Date acquired | Vendor | Cost, normal purchase price | Total Checkouts | Full call number | Barcode | Date last seen | Cost, replacement price | Bill Date | Koha item type | Original Barcode |
|---|---|---|---|---|---|---|---|---|---|---|---|---|---|---|---|---|
| Cummins College of Engineering for Women Nagpur | Cummins College of Engineering for Women Nagpur | 10/02/2014 | Donar | 399.00 | 891.46/ROW/ | CEWN-DB-84 | 10/06/2022 | 399.00 | 10/06/2022 | Donated Book | D00084 |